000 00213nam a2200097Ia 4500
008 240331s9999 xx 000 0 und d
082 _bCAR
100 _aCarey, G.K
245 0 _aRomeo and Juliet :
_bnotes
942 _cL
999 _c3141
_d3141